แสดงรายละเอียดบรรณานุกรม
  กลับหน้าหลัก

Brief Record : Get Marc (ISO 2709) : E-mail record : QR code ปิดหน้าต่าง
E-books : เกี่ยวกับ Collections
LEADER 00000nama 2200000uu 4500
001    201417
003     ULIBM
008    040531s|||| th m m a000 0 tha d
020    978-1-4160-5896-0
041    eng
050    WY157.3 M4253 2009
100    Mckinney Slone,Emily...[et al].
245    Maternal - Child nursing/Emily Slone Mckinney...[et al].
246 0  ^aโครงการผลิตพยาบาลชุมชนฯ ครั้งที่1/2553.
246 0  ^aตำราการพยาบาลเด็ก
250    ^a3 rd th.
260    Canada. Saunders Elsevier. 2009.
300    ^a1,655 p.
500    ^aมี CD ประกอบ.
500    ^aโครงการผลิตพยาบาลชุมชนฯ ครั้งที่1/2553.
600    I.Mckinney,Emily Slone.
650  4 ^aMaternal - Child Nursing--methods
650  4 ^aPeadiatric Nursing--methods
650  4 ^aPediatric nursing.
650  4 ^aตำราการพยาบาลเด็ก
995    001
999    ^aใช้งานได้ทุกระบบ
รายการนี้ยังไม่มีแท็ก
คุณยังไม่ได้ล็อกอิน คุณสามารถมีกิจกรรมร่วมกับเว็บไซต์ได้ แต่ต้องล็อกอินก่อน ::
  ล็อกอิน
ลำดับที่ ประเภท เลขเรียก สถานที่ สถานะ
1. การพยาบาล (ตำราหลัก)
การพยาบาล (ตำราหลัก)
WY157.3 M4253 2009  
  
การพยาบาลเด็ก On Shelf
  ขอยืม
Note:หนังสือภาษาอังกฤษ
   [แสดง 1/1 รายการ]

รายการใกล้เคียง
    หัวเรื่อง [Pediatric nursing.]
    หัวเรื่อง [ตำราการพยาบาลเด็ก]

BibComment


ยังไม่เคยถูกคอมเมนท์

คอมเมนท์ทรัพยากรรายการนี้
  คอมเมนท์: Maternal Child n..
Bib 201417

 
 
 

 Union Library Management : ULibM
Copyright 2026. All Rights Reserved.
скачать бесплатно без регистрации порно красивый секс HD Sex Hindi sex

xxx gou

xxxx

bfxxx

xxxwww

Секса Видео

xxxx

Секса Видео

detube

geilexxx

C99 Shell

worms shell

blod xxx video
Ebony Coed Rihanna Rimes Takes A Dick In Her Young Twat priyaa indian fuck anal and pusssy hardcore indian women xxx desi hardcore fucking part 1 bengalixxxcouple